Hello in Different European Languages - Statistics

General Stats
  • This quiz has been taken 70 times
  • The average score is 9 of 22
Answer Stats
Language Hello in that language % Correct
English Hello
100%
Hungarian Hello
100%
Spanish Hola
93%
French Bonjour
88%
Italian Ciao
85%
German Hallo
85%
Portuguese Ola
61%
Swedish Hej
39%
Russian Privet
37%
Latin Salve
36%
Scottish Gaelic Halo
31%
Finnish Hei
31%
Turkish Merhaba
22%
Estonian Tere
22%
Serbian Zdravo
22%
Welsh Helo
17%
Greek Geia
14%
Ukrainian Allo
12%
Irish Dia dhuit
10%
Albanian Pershendetje
7%
Belarusian Dobry Dzien
5%
Karelian Terveh
3%
No matching quizzes found
Score Distribution
Percent of People with Each Score
Percentile by Number Answered
Your Score History
You have not taken this quiz